000 00239nam a2200097Ia 4500
001 713092
005 20250826162839.0
008 250824s9999 xx 000 0 und d
245 0 _aBÜYÜLÜ ÇEMBER
_cSUSANNA TAMARO
260 _bCAN YAYINLARI
999 _c713092
_d713092